Derecho del trabajo

Guardado en:
Detalles Bibliográficos
Autores principales: Palomeque López, Manuel Carlos (autor), Alvarez de la Rosa, Manuel (Autor)
Formato: Libro
Lenguaje:español
Publicado: Madrid Ramón Areces 2008
Edición:16a. ed
Materias:
Etiquetas: Agregar Etiqueta
Sin Etiquetas, Sea el primero en etiquetar este registro!

MARC

LEADER 00000nam a2200000 a 4500
001 UCI8963
003 CL-VaPUC
008 081016e20080000SP |||||||||||||||||spa|d
020 |a 9788480048613 
082 0 4 |a 344.4601  |b PAL  |2 21 
100 |a Palomeque López, Manuel Carlos  |e autor  |9 565513 
700 0 |a Alvarez de la Rosa, Manuel  |e author  |9 532623 
245 1 0 |a Derecho del trabajo 
250 |a 16a. ed 
300 |a 906 p 
942 |c BK 
945 |d 20081016 00:00:00  |a rbrito 
260 |a Madrid  |b Ramón Areces  |c 2008 
650 7 |a DERECHO LABORAL  |2 CL-VaPUC  |9 15 
650 0 |a Código del trabajo  |9 255479 
650 0 |a Trabajadores  |9 260887 
650 0 |a Negociación colectiva  |9 312433 
650 0 |a Derecho internacional  |9 255637 
583 |a last modification  |c 20170801 05:44:24  |k Rodrigo Vera 
999 |c 331685  |d 331683 
952 |0 0  |1 0  |4 0  |6 344_460100000000000_PAL_2008  |7 0  |8 A  |9 418694  |a BIBDER  |b BIBDER  |d 2019-11-22  |i 4488687  |l 2  |o 344.4601 PAL 2008  |p 4488687  |r 2023-05-24  |s 2023-05-24  |w 2019-11-22  |y BK  |k DER